1687 1075 1057 1329 1020 1199 1468 1169 1240 1695 1756 1879 1385 1975 1679 1241 1866 1222 1488 1584 1393 1044 1329 1673 1322 1886 1326 1322 1668 1208 1834 1713 1768 1624 1487 1764 1991 1741 1021 1889 1781 1421 1539 1818 1040 1554 1477 1575 1201 1500 1407 1567 1072 1718 1721 1438 1381 1608 1603 1126 1452 1518 1947 1174 1292 1835 1939 1096 1710 1104 1420 1932 1402 1721 1967 1649 1527 1348 1260 1621 1196 1252 1858 1146 1163 1998 1794 1385 1470 1200 1954 1855 1015 1954 1725 1829 1029 1056 1430 BCNSPRNW ULIB Ver.6.0+V

เปลี่ยนเป็นภาษาไทย

Change to English
 แสดงรายละเอียดบรรณานุกรม
  กลับหน้าหลัก

Brief Record : Get Marc (ISO 2709) : E-mail record : QR code < ปิดหน้าต่าง
LEADER : 00000nam 2200000uu 4500
001    13399127846
003     ULIB
008    211015s2563||||th 000 0 tha d
020    ^a9786161144494
060 04 ^aQT4^bส356^cล.2
245 00 ^aสรีรวิทยา.^nล.2 /^cรัชฎา แก่นสาร์ ... [และคนอื่นๆ]
250    ^aพิมพ์ครั้งที่ 1 (ฉบับปรับปรุงใหม่)
260    ^aกรุงเทพฯ :^bโครงการสวัสดิการวิชาการ สถาบันพระบรมราชชนกกระทรวงสาธารณสุข,^c2563.
300    ^a414 หน้า :^bภาพประกอบ ;^c27 ซม.
650  4 ^aสรีรวิทยา
650  4 ^aสรีรวิทยามนุษย์
700 0  ^aรัชฎา แก่นสาร์
710 2  ^aสถาบันพระบรมราชชนก.^bโครงการสวัสดิการวิชาการ
945    ^p350^l0^i28989
945    ^p350^l0^i28990
999    ^aกัณชพร จุลอักษร
รายการนี้ยังไม่มีแท็ก
คุณยังไม่ได้ล็อกอิน คุณสามารถมีกิจกรรมร่วมกับเว็บไซต์ได้ แต่ต้องล็อกอินก่อน ::
  ล็อกอิน

รายการสื่อสารสนเทศ

ลำดับที่ ประเภท เลขเรียก/บาร์โค้ด สถานที่ สถานะ
1. วิทยาศาสตร์การแพทย์ และสุขภาพ
วิทยาศาสตร์การแพทย์ และสุขภาพ
QT4 ส356 ล.2 ฉ.1 
  Barcode: 28989
ห้องสมุดวิทยาเขตนครสวรรค์
►หนังสือทั่วไป:l:General Books
บนชั้น
2. วิทยาศาสตร์การแพทย์ และสุขภาพ
วิทยาศาสตร์การแพทย์ และสุขภาพ
QT4 ส356 ล.2 ฉ.2 
  Barcode: 28990
ห้องสมุดวิทยาเขตนครสวรรค์
►หนังสือทั่วไป:l:General Books
บนชั้น

รายการใกล้เคียง
    หัวเรื่อง [สรีรวิทยา]
    หัวเรื่อง [สรีรวิทยามนุษย์]

BibComment


ยังไม่เคยถูกคอมเมนท์

คอมเมนท์ทรัพยากรรายการนี้
  คอมเมนท์: สรีรวิทยา ล2 รั..


 Copyright 2026. Bcnsprnw @Library